000 00680nam a2200145 i 4500
001 185122
003 ES-MaACL
005 20230906222342.0
008 160323s1876 fr |||| | fre d
245 0 0 _aCatalogue des livres rares et curieux
_b: le plupart sur grand papier de hollande ou sur papier de chine composant la Bibliothèque du Chateau de N*** dont la vente aura lieu les jeudi 30 novembre, vendredi ...1876 par le ministère Maurice Delastre...
260 _aParis :
_bAdolphe Labitte,
_c1876.
300 _a83 p. ;
_c23 cm.
650 0 4 _aLibros-
_vCatálogos de subastas.
_914429
852 _aES-MaACL
_jT-255-F-4
_z.- Enc. en un vol. facticio falto de la cub. original
999 _c185122
_d185122